[Event "Bad Woerishofen op"]
[Site "?"]
[Date "2003.??.??"]
[Round "4"]
[White "Klaus, Daniel"]
[Black "Muench, Werner"]
[Result "1-0"]
[WhiteElo "2033"]
[BlackElo "1608"]
[Annotator "ChessOrg"]
[PlyCount "85"]

1. e4 c6 2. d4 d5 3. e5 Bf5 4. Be3 e6 5. Nd2 Nd7 6. Nb3 Ne7 7. f4 h5 8. Nf3 Ng6
9. Bd3 Bxd3 10. Qxd3 Nh4 11. O-O Nf5 12. Bf2 Be7 13. g3 Qc7 14. Rac1 Nb6 15.
Nbd2 Rd8 16. b3 g6 17. Rfd1 Kf8 18. c4 Kg7 19. Nf1 Rd7 20. c5 Nc8 21. h3 Rdd8
22. g4 hxg4 23. hxg4 Nh4 24. N3h2 Rdg8 25. Bg3 Qd8 26. Ne3 Kf8 27. Kf2 Ke8 28.
Rg1 Bf8 29. Nhf1 g5 30. f5 Kd7 31. b4 a6 32. a4 Na7 33. Rb1 Qc7 34. b5 axb5 35.
axb5 Nxb5 36. Nxd5 cxd5 37. Qxb5+ Qc6 38. Qxb7+ Qxb7 39. Rxb7+ Kc8 40. Rxf7 Rg7
41. fxe6 Rxf7+ 42. exf7 Kd7 43. Ne3 1-0

[Event "Bad Woerishofen op"]
[Site "?"]
[Date "2003.??.??"]
[Round "4"]
[White "Schoebel, Klaus"]
[Black "Koehne, Arno"]
[Result "0-1"]
[WhiteElo "1598"]
[BlackElo "2033"]
[Annotator "ChessOrg"]
[PlyCount "54"]

1. e4 c6 2. d4 d5 3. e5 c5 4. c3 Nc6 5. Nf3 Bg4 6. Be3 Qb6 7. b3 cxd4 8. cxd4
e6 9. a3 Nge7 10. Nbd2 Nf5 11. Be2 Bxf3 12. Nxf3 Bxa3 13. O-O Bb2 14. Ra4 Bc3
15. g4 Nxe3 16. fxe3 h6 17. Qc2 Bb4 18. Nh4 Be7 19. Rxf7 Bxh4 20. Qg6 O-O-O 21.
Qxe6+ Kb8 22. Bd1 Rhe8 23. Qf5 Bg5 24. Qd3 Re7 25. Rf1 Rc7 26. Rf3 Re8 27. Ra2
Nb4 0-1

[Event "Bad Woerishofen op"]
[Site "?"]
[Date "2003.??.??"]
[Round "4"]
[White "Reichwald, Klaus-Dieter"]
[Black "Nepple, Rolf"]
[Result "1/2-1/2"]
[WhiteElo "2027"]
[BlackElo "1570"]
[Annotator "ChessOrg"]
[PlyCount "44"]

1. e4 c5 2. Nc3 d6 3. g3 b6 4. Bg2 Bb7 5. Nge2 Nf6 6. O-O e6 7. d3 Be7 8. f4
Qd7 9. Qe1 Nc6 10. a3 O-O 11. Bd2 Rad8 12. Rd1 a6 13. h3 Qc7 14. g4 Nd4 15.
Nxd4 cxd4 16. Ne2 Qxc2 17. g5 Nd7 18. Nxd4 Qxb2 19. Bc3 Qxa3 20. Bb4 Qb2 21.
Bc3 Qa3 22. Bb4 Qb2 1/2-1/2

[Event "Bad Woerishofen op"]
[Site "?"]
[Date "2003.??.??"]
[Round "4"]
[White "Mueller, Wolfgang"]
[Black "Boettcher, Ulrich"]
[Result "0-1"]
[WhiteElo "1574"]
[BlackElo "2023"]
[Annotator "ChessOrg"]
[PlyCount "78"]

1. e4 c5 2. Nf3 Nc6 3. d4 cxd4 4. Nxd4 g6 5. c3 Bg7 6. Bc4 d6 7. O-O Nf6 8.
Nxc6 bxc6 9. e5 Ne4 10. exd6 Nxd6 11. Na3 O-O 12. Be3 Nxc4 13. Nxc4 Ba6 14.
Qxd8 Rfxd8 15. Na5 Bxf1 16. Nxc6 Rd6 17. Nxe7+ Kf8 18. Bc5 Kxe7 19. Kxf1 Kd7
20. Bxd6 Kxd6 21. Rd1+ Kc7 22. f4 Re8 23. Kf2 Re6 24. a3 Rd6 25. Rxd6 Kxd6 26.
Ke3 h5 27. Kd3 h4 28. a4 f5 29. b4 Bh6 30. g3 h3 31. c4 a6 32. a5 Kc6 33. Ke3
Bf8 34. b5+ axb5 35. cxb5+ Kxb5 36. Kf3 Be7 37. g4 Bh4 38. gxf5 gxf5 39. Ke3
Bg3 0-1

[Event "Bad Woerishofen op"]
[Site "?"]
[Date "2003.??.??"]
[Round "4"]
[White "Zillich, Raimar"]
[Black "Taufratshofer, Martin"]
[Result "0-1"]
[WhiteElo "1637"]
[BlackElo "2074"]
[Annotator "ChessOrg"]
[PlyCount "44"]

1. e4 d5 2. exd5 Qxd5 3. Nc3 Qa5 4. Bc4 c6 5. d3 Bf5 6. Bd2 e6 7. Nge2 Nf6 8.
Nd4 Qe5+ 9. Nde2 Nbd7 10. Bf4 Qa5 11. Ng3 Bg6 12. Qe2 O-O-O 13. O-O-O Bb4 14.
Bd2 Nc5 15. a3 Bxa3 16. bxa3 Qxa3+ 17. Kb1 Nd5 18. Nxd5 cxd5 19. Ba2 Na4 20.
Qe5 d4 21. Qb5 Rd6 22. Bb3 Qb2# 0-1

[Event "Bad Woerishofen op"]
[Site "?"]
[Date "2003.??.??"]
[Round "4"]
[White "Mittelsteiner, Horst"]
[Black "Lang, Ludwig"]
[Result "1-0"]
[WhiteElo "1997"]
[BlackElo "1101"]
[Annotator "ChessOrg"]
[PlyCount "43"]

1. e4 e5 2. Nf3 Nc6 3. d4 exd4 4. Bc4 d6 5. Nxd4 Ne5 6. Bb3 Bd7 7. O-O Qf6 8.
f4 Nc6 9. e5 Qe7 10. Nb5 O-O-O 11. exd6 cxd6 12. Re1 Qf6 13. N1c3 Be6 14. Ne4
Qg6 15. Ng3 Bg4 16. Qd2 f6 17. Qe3 Kb8 18. Bd2 Nge7 19. Ba5 Nxa5 20. Qxa7+ Kc8
21. Qxa5 Kd7 22. Qc7+ 1-0

[Event "Bad Woerishofen op"]
[Site "?"]
[Date "2003.??.??"]
[Round "4"]
[White "Weiland, Guenther"]
[Black "Dornreiter, Michael"]
[Result "1-0"]
[WhiteElo "2007"]
[BlackElo "1475"]
[Annotator "ChessOrg"]
[PlyCount "63"]

1. Nf3 Nc6 2. d4 d5 3. g3 Bf5 4. Bg2 Nb4 5. Na3 Nf6 6. c3 Nc6 7. Qb3 Rb8 8. Nh4
Bc8 9. Bf4 e6 10. Nb5 Bd6 11. Bxd6 cxd6 12. Qa3 O-O 13. Nxd6 Bd7 14. e4 Qa5 15.
Qxa5 Nxa5 16. e5 Ne8 17. Nxe8 Rfxe8 18. Bf1 a6 19. Ng2 Nc4 20. b3 Na3 21. Kd2
Rbc8 22. Rc1 Rc7 23. Ne3 Rec8 24. Bd3 Bb5 25. f4 Bxd3 26. Kxd3 Nb5 27. c4 Na3
28. c5 b6 29. b4 a5 30. cxb6 Rxc1 31. Rxc1 Rb8 32. b7 1-0

[Event "Bad Woerishofen op"]
[Site "?"]
[Date "2003.??.??"]
[Round "4"]
[White "Flueckiger, Joerg"]
[Black "Schenfeld, Waldemar"]
[Result "1-0"]
[WhiteElo "2000"]
[BlackElo "1462"]
[Annotator "ChessOrg"]
[PlyCount "95"]

1. d4 Nf6 2. Nf3 d5 3. c4 e6 4. g3 c6 5. Bg2 Bd6 6. Qc2 Nbd7 7. O-O O-O 8. b3
b6 9. Bb2 Bb7 10. Nc3 Rc8 11. Rfe1 Re8 12. Rad1 Bb8 13. e4 dxe4 14. Nxe4 Nxe4
15. Qxe4 Nf6 16. Qh4 Qe7 17. a3 a6 18. Nd2 b5 19. Ne4 Nxe4 20. Qxe4 Qd7 21. Qe3
Rcd8 22. Qc3 f6 23. Bh3 Ba7 24. Bg2 Qd6 25. c5 Qd7 26. b4 Bb8 27. Qb3 Bc8 28.
Re2 Re7 29. Rde1 Rde8 30. Be4 g6 31. Qf3 Bb7 32. Qxf6 Rf7 33. Qg5 Bc7 34. Bg2
Bd8 35. Qe3 Bf6 36. Bh3 Bc8 37. Bxe6 Rxe6 38. Qxe6 Qb7 39. Qb3 Qd7 40. Re8+ Kg7
41. d5 Qf5 42. Bxf6+ Rxf6 43. R8e7+ Kh6 44. Qe3+ g5 45. Re5 Qg4 46. h4 Rg6 47.
Rxg5 cxd5 48. Rxg4+ 1-0

[Event "Bad Woerishofen op"]
[Site "?"]
[Date "2003.??.??"]
[Round "4"]
[White "Dierich, Jochen"]
[Black "Woerl, Richard"]
[Result "0-1"]
[WhiteElo "1876"]
[BlackElo "2087"]
[Annotator "ChessOrg"]
[PlyCount "88"]

1. e4 c5 2. Nf3 b6 3. d3 Bb7 4. Nbd2 Nc6 5. g3 e6 6. Bg2 d5 7. O-O Bd6 8. Re1
Nge7 9. c3 Rc8 10. Qc2 O-O 11. Nf1 Ng6 12. Ng5 h6 13. Nh3 dxe4 14. dxe4 e5 15.
Ne3 Nce7 16. Rd1 Qc7 17. b3 Rcd8 18. Bb2 Qc8 19. Rd2 Bc7 20. Rad1 Rxd2 21. Rxd2
Rd8 22. Rxd8+ Qxd8 23. c4 Nc6 24. Nd5 Nd4 25. Qd2 Bc8 26. Bxd4 cxd4 27. f3 Bd6
28. Nf2 Bd7 29. Nd3 Qc8 30. f4 f6 31. Qf2 Qd8 32. h4 Ne7 33. f5 Nxd5 34. exd5
Qc8 35. Be4 b5 36. Nb2 Ba3 37. Bd3 Bxb2 38. Qxb2 Bxf5 39. Bxf5 Qxf5 40. Qd2 Qf3
41. Qg2 Qe3+ 42. Qf2 Qc1+ 43. Qf1 Qc3 44. Qg2 d3 0-1

[Event "Bad Woerishofen op"]
[Site "?"]
[Date "2003.??.??"]
[Round "4"]
[White "Schaumann, Rudolf"]
[Black "Akstinat, Sven-Holger"]
[Result "0-1"]
[WhiteElo "1283"]
[BlackElo "1987"]
[Annotator "ChessOrg"]
[PlyCount "60"]

1. Nf3 d5 2. d4 Bf5 3. Nc3 e6 4. g3 Nf6 5. Bg2 h6 6. O-O c6 7. a3 Be7 8. Re1
O-O 9. h3 Ne4 10. Nxe4 Bxe4 11. Ne5 Bxg2 12. Kxg2 Nd7 13. b4 Nxe5 14. dxe5 Qc7
15. Bb2 c5 16. b5 d4 17. f4 Rfd8 18. Qc1 c4 19. c3 d3 20. exd3 Rxd3 21. Qc2 Qc5
22. Re2 Qxb5 23. Rae1 Qd5+ 24. Kh2 Qf3 25. Rg2 Rad8 26. Bc1 Rxc3 27. Qa4 Bh4
28. Reg1 Rxc1 29. Rxc1 Bxg3+ 30. Kh1 Bxf4 0-1

[Event "Bad Woerishofen op"]
[Site "?"]
[Date "2003.??.??"]
[Round "4"]
[White "Minnebo, Alain"]
[Black "Sakowski, Christian"]
[Result "1-0"]
[WhiteElo "2262"]
[BlackElo "1722"]
[Annotator "ChessOrg"]
[PlyCount "137"]

1. c4 c5 2. g3 Nc6 3. Bg2 b6 4. b3 Bb7 5. Bb2 Nf6 6. Nh3 e6 7. Nf4 Na5 8. Bxb7
Nxb7 9. Nc3 Be7 10. d4 cxd4 11. Qxd4 Bc5 12. Qd3 Bb4 13. O-O O-O 14. Rad1 Be7
15. Qf3 Qc7 16. Nb5 Qc6 17. Bxf6 Bxf6 18. Nh5 Qxf3 19. exf3 Rfd8 20. Nxf6+ gxf6
21. Rd4 a6 22. Nd6 Nxd6 23. Rxd6 Rab8 24. Rfd1 Rb7 25. R1d4 Kf8 26. Rh4 Ke7 27.
Rdd4 Rh8 28. Rh6 Rc7 29. Rf4 f5 30. Rfh4 Rc5 31. Rxh7 Rxh7 32. Rxh7 b5 33. Rh4
b4 34. Rd4 d6 35. Kf1 a5 36. Ke2 f6 37. Rd1 Re5+ 38. Kd2 Rc5 39. Ke2 Re5+ 40.
Kd2 Rc5 41. f4 a4 42. bxa4 Ra5 43. a3 bxa3 44. Kc3 Rxa4 45. Kb3 Ra7 46. Ra1 e5
47. fxe5 fxe5 48. Rxa3 Rb7+ 49. Kc2 Rc7 50. Kd3 Ke6 51. Ra6 Rh7 52. h4 f4 53.
Ke4 fxg3 54. fxg3 Rg7 55. c5 Rxg3 56. Rxd6+ Ke7 57. Kxe5 Re3+ 58. Kd5 Rh3 59.
Rh6 Rd3+ 60. Kc6 Rc3 61. h5 Ra3 62. Kb7 Rb3+ 63. Kc7 Rc3 64. c6 Rb3 65. Kc8 Rb6
66. Rg6 Ra6 67. c7 Ra1 68. Kb7 Rb1+ 69. Rb6 1-0

[Event "Bad Woerishofen op"]
[Site "?"]
[Date "2003.??.??"]
[Round "4"]
[White "Bergmann, Thomas"]
[Black "Wiessner, Johann"]
[Result "1-0"]
[WhiteElo "1753"]
[BlackElo "1586"]
[Annotator "ChessOrg"]
[PlyCount "107"]

1. e4 e6 2. d4 d5 3. Nd2 c5 4. exd5 exd5 5. Bb5+ Nc6 6. Qe2+ Qe7 7. dxc5 Qxe2+
8. Nxe2 Bxc5 9. Nb3 Bd6 10. c3 Nf6 11. O-O O-O 12. Bg5 Ne4 13. Bf4 a6 14. Bxd6
Nxd6 15. Bd3 Nc4 16. Rab1 N6e5 17. Bc2 Bd7 18. Rfd1 Bg4 19. Nbd4 Rad8 20. h3
Bh5 21. f4 Bxe2 22. Nxe2 Ng6 23. Kf2 Rfe8 24. Rd3 Ne7 25. Bd1 Nf5 26. Nd4 Nxd4
27. Rxd4 Re4 28. b3 Rxd4 29. cxd4 Nd6 30. Bf3 Nb5 31. Ke3 Kf8 32. Rc1 Ke7 33.
a4 Nd6 34. Kd3 Ke6 35. Re1+ Kf5 36. g3 Ne4 37. Bxe4+ dxe4+ 38. Rxe4 Rd7 39.
Re5+ Kf6 40. Kc4 Rc7+ 41. Rc5 Re7 42. Re5 Rc7+ 43. Kd3 Rc6 44. d5 Rd6 45. Kc4
b6 46. b4 Rd8 47. a5 Rc8+ 48. Kd4 b5 49. d6 g6 50. Kd5 Rc1 51. d7 Rd1+ 52. Kc6
Rc1+ 53. Rc5 Rd1 54. Kc7 1-0

[Event "Bad Woerishofen op"]
[Site "?"]
[Date "2003.??.??"]
[Round "4"]
[White "Klein, Reinhard"]
[Black "Schweitzer, Paul"]
[Result "1-0"]
[WhiteElo "1643"]
[BlackElo "1743"]
[Annotator "ChessOrg"]
[PlyCount "157"]

1. d4 d5 2. Nf3 e6 3. c4 Nf6 4. Nc3 dxc4 5. e3 Be7 6. Bxc4 b6 7. O-O O-O 8. b3
c6 9. Bb2 a5 10. Rc1 b5 11. Bd3 Nbd7 12. Qe2 Bb7 13. Rfd1 g6 14. e4 h5 15. e5
Nh7 16. Ne4 Nb6 17. Nc5 Bxc5 18. dxc5 Nd5 19. g3 Qe7 20. h4 a4 21. Nd2 axb3 22.
axb3 Ra2 23. Ne4 b4 24. Rd2 Rfa8 25. Bb1 R2a7 26. Nd6 Ba6 27. Bd3 Bxd3 28. Rxd3
Ra2 29. Rc2 Qa7 30. Qd2 Rf8 31. Ne4 Ra8 32. Qh6 Rxb2 33. Rxd5 Rb1+ 34. Kg2 Qe7
35. Rd7 Qf8 36. Qe3 Qc8 37. Rxf7 Qa6 38. Nd6 Qf1+ 39. Kf3 Qd1+ 40. Qe2 Rxb3+
41. Kg2 Qd5+ 42. f3 Rc3 43. Rd2 Qxc5 44. Ne4 Qb5 45. Qxb5 cxb5 46. Rb7 Rca3 47.
Rxb5 Ra2 48. Rxb4 Rxd2+ 49. Nxd2 Ra2 50. Rd4 g5 51. Kh3 Kf7 52. Ne4 Kg6 53.
hxg5 Nxg5+ 54. Nxg5 Kxg5 55. Rd8 Re2 56. f4+ Kf5 57. Rf8+ Ke4 58. Rf6 Kf3 59.
Rxe6 Re1 60. Kh4 Rh1+ 61. Kg5 Kxg3 62. Rh6 h4 63. e6 Re1 64. Rxh4 Rxe6 65. Rg4+
Kh3 66. f5 Re8 67. Rh4+ Kg3 68. Rh6 Re5 69. Re6 Rb5 70. Kg6 Kf4 71. f6 Rg5+ 72.
Kf7 Kf5 73. Ra6 Rg2 74. Ra5+ Kf4 75. Kf8 Rh2 76. f7 Rg2 77. Ke7 Re2+ 78. Kf6
Rf2 79. Rf5+ 1-0

[Event "Bad Woerishofen op"]
[Site "?"]
[Date "2003.??.??"]
[Round "4"]
[White "Feicht, Roland"]
[Black "Regatschnig, Horst"]
[Result "1/2-1/2"]
[WhiteElo "1516"]
[BlackElo "1740"]
[Annotator "ChessOrg"]
[PlyCount "48"]

1. e4 c5 2. Nf3 Nc6 3. Bb5 a6 4. Bxc6 dxc6 5. O-O Bg4 6. Re1 e5 7. h3 Bxf3 8.
Qxf3 g6 9. d3 Bg7 10. Be3 b6 11. Na3 Ne7 12. Bg5 O-O 13. Bf6 b5 14. c3 Qc7 15.
Rad1 Qd6 16. Bxg7 Kxg7 17. Nc2 Rad8 18. d4 cxd4 19. cxd4 Qe6 20. Qc3 f6 21. Qa5
exd4 22. Rxd4 Rxd4 23. Nxd4 Qe5 24. Nf3 Qxb2 1/2-1/2

[Event "Bad Woerishofen op"]
[Site "?"]
[Date "2003.??.??"]
[Round "4"]
[White "Heinrich, Olaf"]
[Black "Wiest, Georg"]
[Result "1/2-1/2"]
[WhiteElo "1751"]
[BlackElo "2084"]
[Annotator "ChessOrg"]
[PlyCount "52"]

1. Nf3 d5 2. g3 c5 3. Bg2 Nc6 4. d3 Nf6 5. Nbd2 Bg4 6. O-O e6 7. e4 Be7 8. Re1
O-O 9. h3 Bh5 10. g4 Bg6 11. Nh4 dxe4 12. Nxg6 hxg6 13. dxe4 Qc7 14. Nf3 Rad8
15. Qe2 e5 16. c3 Rfe8 17. Bg5 Nh7 18. Be3 Nf8 19. Rad1 Ne6 20. Rxd8 Rxd8 21.
Rd1 b6 22. Rd5 Nf4 23. Bxf4 exf4 24. Qd1 Rxd5 25. exd5 Ne5 26. Nd2 Qd7 1/2-1/2

[Event "Bad Woerishofen op"]
[Site "?"]
[Date "2003.??.??"]
[Round "4"]
[White "Prigge, Joerg"]
[Black "Plank, Peter"]
[Result "0-1"]
[WhiteElo "1543"]
[BlackElo "2083"]
[Annotator "ChessOrg"]
[PlyCount "60"]

1. d4 d5 2. c4 c6 3. Nc3 e6 4. Nf3 Nf6 5. Bg5 Nbd7 6. e3 Qa5 7. Bxf6 Nxf6 8.
Qa4 Bb4 9. Qxa5 Bxa5 10. Nd2 O-O 11. Bd3 Re8 12. O-O e5 13. Nb3 Bb6 14. c5 Bc7
15. Ne2 Bd7 16. dxe5 Rxe5 17. Nbd4 Ne4 18. Ng3 Nxc5 19. Bc2 g6 20. Rac1 Bb6 21.
Nf3 Re7 22. a3 f5 23. h4 Ne4 24. Nxe4 fxe4 25. Nd4 Rf8 26. Bd1 Ref7 27. b4 Bd8
28. h5 Bg5 29. Be2 a6 30. a4 Bh4 0-1

[Event "Bad Woerishofen op"]
[Site "?"]
[Date "2003.??.??"]
[Round "4"]
[White "Gaissmaier, Thomas"]
[Black "Huhn, Ulrich"]
[Result "1/2-1/2"]
[WhiteElo "1538"]
[BlackElo "1980"]
[Annotator "ChessOrg"]
[PlyCount "28"]

1. c4 d5 2. d4 c6 3. Nc3 Nf6 4. Nf3 Bf5 5. Bf4 e6 6. Nh4 Bg6 7. Nxg6 hxg6 8.
Qc2 Bd6 9. Bxd6 Qxd6 10. c5 Qc7 11. g3 Nbd7 12. Bg2 O-O 13. O-O e5 14. dxe5
Qxe5 1/2-1/2

[Event "Bad Woerishofen op"]
[Site "?"]
[Date "2003.??.??"]
[Round "4"]
[White "Reichenbacher, Gerhard"]
[Black "Werninghaus, Klaus-Peter"]
[Result "1-0"]
[WhiteElo "1742"]
[BlackElo "1504"]
[Annotator "ChessOrg"]
[PlyCount "57"]

1. e4 c6 2. d3 d5 3. Nd2 dxe4 4. dxe4 e6 5. Ngf3 Nf6 6. Be2 Be7 7. O-O O-O 8.
c3 b6 9. e5 Nfd7 10. Qc2 Qc7 11. Qe4 Bb7 12. Bd3 f5 13. exf6 Nxf6 14. Qxe6+ Kh8
15. Ng5 Bd6 16. Nde4 Nxe4 17. Qxe4 g6 18. Ne6 Qf7 19. Nxf8 Bxf8 20. Qd4+ Bg7
21. Qd8+ Qg8 22. Qxg8+ Kxg8 23. Bc4+ Kf8 24. Bf4 Nd7 25. Bd6+ Ke8 26. Rfe1+ Kd8
27. Bf7 Nf6 28. Rad1 Bc8 29. Bf8+ 1-0

[Event "Bad Woerishofen op"]
[Site "?"]
[Date "2003.??.??"]
[Round "4"]
[White "Dittler, Volkfried"]
[Black "Vu Van, Anh"]
[Result "1-0"]
[WhiteElo "1500"]
[BlackElo "1700"]
[Annotator "ChessOrg"]
[PlyCount "93"]

1. d4 e6 2. Nf3 c5 3. c3 cxd4 4. Nxd4 Bc5 5. e3 Nf6 6. Bd3 b6 7. Nd2 Bb7 8.
N2f3 Qc7 9. Qc2 Nc6 10. b4 Nxd4 11. exd4 Bxb4 12. cxb4 Qd6 13. Qe2 O-O 14. O-O
Qxb4 15. Be3 Qd6 16. g3 Rac8 17. Nd2 Rc3 18. Nc4 Qd5 19. f3 b5 20. Na5 Ba8 21.
Bxb5 a6 22. Bxa6 Qxa5 23. Bd2 Rc2 24. Bxa5 Rxe2 25. Bxe2 Bc6 26. Bb4 Rb8 27. a3
Nd5 28. Rfb1 f6 29. Bd6 Rxb1+ 30. Rxb1 Nc3 31. Rb8+ Kf7 32. Bd3 g6 33. Kf2 Nd1+
34. Ke2 Nc3+ 35. Kd2 Nd5 36. Be4 f5 37. Bxd5 Bxd5 38. f4 Bc6 39. Kc3 h6 40.
Rf8+ Kg7 41. Re8 Kf7 42. Rh8 h5 43. Kb4 Kg7 44. Re8 Kf7 45. Re7+ Kf6 46. Rh7 h4
47. Be5# 1-0

[Event "Bad Woerishofen op"]
[Site "?"]
[Date "2003.??.??"]
[Round "4"]
[White "Rothenhagen, Siegfried"]
[Black "Dittlow, Holger"]
[Result "1/2-1/2"]
[WhiteElo "1620"]
[BlackElo "1430"]
[Annotator "ChessOrg"]
[PlyCount "49"]

1. d4 Nc6 2. Nf3 d6 3. e4 Bg4 4. Bb5 Bxf3 5. Qxf3 e6 6. d5 a6 7. Bxc6+ bxc6 8.
dxc6 Nf6 9. O-O Be7 10. Nc3 Qb8 11. Re1 e5 12. Nd5 Nxd5 13. exd5 O-O 14. Qb3
Qc8 15. Re4 Qf5 16. Rb4 Qc8 17. Qa4 f5 18. Rb7 f4 19. f3 g5 20. Bd2 g4 21. Qe4
gxf3 22. Qxf3 Kh8 23. Ba5 Qf5 24. Bc3 Rac8 25. Re1 1/2-1/2

[Event "Bad Woerishofen op"]
[Site "?"]
[Date "2003.??.??"]
[Round "4"]
[White "Weber, Ludwig"]
[Black "Hegel, Pius"]
[Result "1-0"]
[WhiteElo "1460"]
[BlackElo "1619"]
[Annotator "ChessOrg"]
[PlyCount "163"]

1. d3 Nf6 2. Nd2 g6 3. c3 Bg7 4. h3 O-O 5. e4 d6 6. Ne2 e5 7. g4 Nbd7 8. Ng3
Nc5 9. Nf3 b6 10. Be3 Ne6 11. Qd2 c5 12. O-O-O Qc7 13. Be2 Bd7 14. Rdg1 b5 15.
Bf1 a5 16. Bh6 b4 17. c4 a4 18. Kb1 Qa5 19. Nf5 b3 20. Qxa5 bxa2+ 21. Kxa2 Rxa5
22. Bxg7 Nxg7 23. Nxd6 Ra6 24. Nb5 Bxb5 25. cxb5 Re6 26. Be2 Rb8 27. Rc1 Nd7
28. Rc4 Reb6 29. Rxa4 Rxb5 30. Rb1 Rb3 31. Ra7 R3b7 32. Rxb7 Rxb7 33. Rc1 f6
34. Rc3 Ne6 35. Ra3 Nb6 36. Kb1 Nf4 37. Bf1 Kf7 38. Rb3 Ke6 39. Nd2 Rb8 40. Nc4
Nd7 41. Ra3 Ke7 42. Kc2 Ne6 43. Nd2 Nd4+ 44. Kb1 Nb5 45. Rb3 Kf8 46. Nc4 Ke7
47. Ne3 Ke6 48. Nd5 f5 49. Nc3 Nxc3+ 50. Rxc3 f4 51. Ra3 f3 52. h4 h6 53. Ra6+
Rb6 54. Rxb6+ Nxb6 55. g5 h5 56. Kc2 Kd6 57. Kd2 Nd7 58. Ke3 Nf8 59. Kxf3 Ne6
60. Ke3 Nd4 61. Be2 Kc6 62. Bd1 Kb5 63. f4 exf4+ 64. Kxf4 Kc6 65. Ke5 Kd7 66.
Kf6 Ne6 67. Kxg6 Nf4+ 68. Kf7 Nxd3 69. Bxh5 Nxb2 70. e5 Nc4 71. e6+ Kd6 72. Kf6
Ne5 73. Bd1 c4 74. h5 c3 75. h6 Ng4+ 76. Kg7 Ne3 77. Ba4 Kxe6 78. h7 Nf5+ 79.
Kg6 Ne7+ 80. Kh5 Nd5 81. h8=Q Nf4+ 82. Kh6 1-0

[Event "Bad Woerishofen op"]
[Site "?"]
[Date "2003.??.??"]
[Round "4"]
[White "Haeuser, Marco"]
[Black "Spenk, Willi"]
[Result "1/2-1/2"]
[WhiteElo "1398"]
[BlackElo "1570"]
[Annotator "ChessOrg"]
[PlyCount "44"]

1. c4 d6 2. g3 g6 3. Bg2 Bg7 4. Nc3 Nf6 5. Nf3 O-O 6. O-O c6 7. d4 Nbd7 8. e4
c5 9. d5 Ng4 10. Qc2 Nge5 11. b3 Nxf3+ 12. Bxf3 Ne5 13. Bg2 f5 14. Bb2 f4 15.
gxf4 Rxf4 16. Ne2 Rf7 17. f4 Ng4 18. Rf3 Qf8 19. Raf1 Nh6 20. h3 Bd7 21. Bxg7
Kxg7 22. Qb2+ Kg8 1/2-1/2

[Event "Bad Woerishofen op"]
[Site "?"]
[Date "2003.??.??"]
[Round "4"]
[White "Dahmen, Juergen"]
[Black "Breiter, Juergen"]
[Result "0-1"]
[WhiteElo "1560"]
[BlackElo "1308"]
[Annotator "ChessOrg"]
[PlyCount "66"]

1. c4 e6 2. Nc3 Nf6 3. e4 d6 4. Nf3 Nbd7 5. d4 e5 6. dxe5 dxe5 7. Bg5 Be7 8.
Qc2 c6 9. Be2 h6 10. Bh4 Qc7 11. O-O O-O 12. Rfd1 Rd8 13. h3 Nf8 14. Bg3 Ng6
15. Rxd8+ Bxd8 16. b4 a6 17. Rc1 Be6 18. Nd4 Qd7 19. Nxe6 Qxe6 20. b5 axb5 21.
cxb5 cxb5 22. Bxb5 Rc8 23. Qb3 Qxb3 24. axb3 Ba5 25. Ne2 Rxc1+ 26. Nxc1 Nxe4
27. Bh2 Nd6 28. Bd3 Bd2 29. Ne2 f5 30. g4 e4 31. gxf5 exd3 32. Nd4 Bc3 33. Bxd6
d2 0-1

[Event "Bad Woerishofen op"]
[Site "?"]
[Date "2003.??.??"]
[Round "4"]
[White "Kuhn, Hans"]
[Black "Klein, Thomas"]
[Result "0-1"]
[WhiteElo "1311"]
[BlackElo "1547"]
[Annotator "ChessOrg"]
[PlyCount "46"]

1. e4 c5 2. Nf3 e6 3. d4 cxd4 4. Nxd4 a6 5. Nc3 d6 6. Be2 Nf6 7. O-O Be7 8. Be3
Nbd7 9. Qd2 O-O 10. a3 Qc7 11. Rac1 b5 12. Nd1 Nxe4 13. Qd3 Nec5 14. Nxb5 axb5
15. Bxc5 Nxc5 16. Qe3 Bd7 17. b4 Na4 18. c4 Rfc8 19. Nc3 bxc4 20. Nxa4 Bxa4 21.
Rxc4 Qb7 22. Rfc1 Rxc4 23. Rxc4 Bb5 0-1

[Event "Bad Woerishofen op"]
[Site "?"]
[Date "2003.??.??"]
[Round "5"]
[White "Miladinovic, Igor"]
[Black "Teske, Henrik"]
[Result "1/2-1/2"]
[WhiteElo "2526"]
[BlackElo "2531"]
[Annotator "ChessOrg"]
[PlyCount "92"]

1. d4 Nf6 2. Bg5 Ne4 3. Bf4 d5 4. Nd2 Bf5 5. Nxe4 Bxe4 6. e3 e6 7. f3 Bg6 8. h4
h6 9. h5 Bh7 10. Bd3 Bxd3 11. Qxd3 c5 12. c3 Nc6 13. Ne2 cxd4 14. exd4 Bd6 15.
Be3 Qc7 16. g4 b5 17. Kf2 Rb8 18. b4 a5 19. a3 Ne7 20. Qd2 Rc8 21. Rhg1 f6 22.
a4 bxa4 23. Rxa4 axb4 24. cxb4 Kf7 25. Ra6 Ra8 26. b5 Rxa6 27. bxa6 Ra8 28. Ra1
Qc4 29. a7 Qc7 30. Qa2 Nc8 31. Rc1 Qd7 32. Qc2 Ne7 33. Bxh6 Kg8 34. Be3 Rxa7
35. Rb1 Qc7 36. Qxc7 Rxc7 37. Bf4 e5 38. Bg3 Kf7 39. Rb6 Rc6 40. Rb2 Ke6 41. f4
Rc4 42. Rb7 Rc7 43. Rb6 Rc6 44. Rb3 Rc4 45. Rb7 Rc7 46. Rb6 Rc6 1/2-1/2

[Event "Bad Woerishofen op"]
[Site "?"]
[Date "2003.??.??"]
[Round "5"]
[White "Sprenger, Jan"]
[Black "Kveinys, Aloyzas"]
[Result "1/2-1/2"]
[WhiteElo "2431"]
[BlackElo "2541"]
[Annotator "ChessOrg"]
[PlyCount "41"]

1. e4 c5 2. Nf3 e6 3. d4 cxd4 4. Nxd4 a6 5. Nc3 Qc7 6. Bd3 Nc6 7. Be3 Nf6 8.
O-O b5 9. Nxc6 Qxc6 10. a3 Bb7 11. Qe2 Be7 12. f4 b4 13. axb4 Bxb4 14. Ra4 a5
15. Bb5 Qc7 16. e5 Nd5 17. Nxd5 Bxd5 18. Bd3 O-O 19. c3 Be7 20. Bd4 g6 21. Be4
1/2-1/2

[Event "Bad Woerishofen op"]
[Site "?"]
[Date "2003.??.??"]
[Round "5"]
[White "Hermann, Manfred"]
[Black "Levin, Felix"]
[Result "1/2-1/2"]
[WhiteElo "2341"]
[BlackElo "2523"]
[Annotator "ChessOrg"]
[PlyCount "80"]

1. e4 c5 2. c3 d5 3. exd5 Qxd5 4. d4 Nf6 5. Nf3 g6 6. Be2 Bg7 7. O-O O-O 8. Re1
cxd4 9. cxd4 Qd6 10. Nc3 Na6 11. Ne5 Nc7 12. Nc4 Qd8 13. Bf4 Ncd5 14. Be5 Be6
15. Ne3 Rc8 16. Bf3 Nxc3 17. bxc3 Nd5 18. Bxd5 Bxd5 19. Bxg7 Kxg7 20. Qd3 Rc7
21. c4 Be6 22. d5 f6 23. a4 Bf7 24. Qa3 Qd6 25. Qxd6 exd6 26. a5 f5 27. g3 Re8
28. f3 Kf6 29. h4 h6 30. Kf2 g5 31. Rab1 gxh4 32. gxh4 Bh5 33. Kg3 Re5 34. Kf4
Be8 35. Rg1 Rce7 36. Rge1 Bg6 37. Rb2 Be8 38. Rb3 Rc7 39. Rg1 Rce7 40. Re1 Rc7
1/2-1/2

[Event "Bad Woerishofen op"]
[Site "?"]
[Date "2003.??.??"]
[Round "5"]
[White "Gutman, Lev"]
[Black "Donchenko, Anatoli"]
[Result "1-0"]
[WhiteElo "2495"]
[BlackElo "2463"]
[Annotator "ChessOrg"]
[PlyCount "51"]

1. Nf3 Nf6 2. g3 b5 3. Bg2 Bb7 4. O-O e6 5. d4 c5 6. Bg5 d5 7. c3 Nbd7 8. a4 b4
9. a5 Be7 10. dxc5 b3 11. Nbd2 Nxc5 12. Nxb3 O-O 13. Bxf6 gxf6 14. Nxc5 Bxc5
15. b4 Be7 16. a6 Bc6 17. Nd4 Rc8 18. c4 Bxb4 19. Nxc6 Rxc6 20. cxd5 exd5 21.
Ra4 Bc5 22. e3 f5 23. Qd3 Qd7 24. Rf4 Qe6 25. Bxd5 Rd8 26. Rxf5 1-0

[Event "Bad Woerishofen op"]
[Site "?"]
[Date "2003.??.??"]
[Round "5"]
[White "Handke, Florian"]
[Black "Heika, Martin"]
[Result "1-0"]
[WhiteElo "2516"]
[BlackElo "2355"]
[Annotator "ChessOrg"]
[PlyCount "61"]

1. d4 Nf6 2. c4 e6 3. Nc3 Bb4 4. e3 c5 5. Bd3 O-O 6. Nf3 Nc6 7. O-O Bxc3 8.
bxc3 d6 9. Ng5 e5 10. f4 h6 11. d5 hxg5 12. fxg5 Ng4 13. e4 Na5 14. h3 b5 15.
hxg4 Nxc4 16. a4 Qa5 17. Qb3 Bxg4 18. Ra2 Qc7 19. axb5 Nb6 20. c4 Bh5 21. Qc3
Qe7 22. Qe1 f6 23. Qh4 Bg6 24. Raf2 fxg5 25. Bxg5 Qc7 26. Be2 Rxf2 27. Rxf2 Nd7
28. Bg4 Nf8 29. Be7 Re8 30. Bxf8 Rxf8 31. Rxf8+ 1-0